Ulice we Wsoli - Statystyki

Ogólne statystyki
  • Ten quiz został rozwiązany 10 razy
  • Średni wynik to 10 z 20
Statystyki odpowiedzi
Odpowiedź % Poprawnych
Krótka
80%
Leśna
80%
Polna
80%
Szkolna
80%
Sosnowa
60%
Spacerowa
60%
Warszawska
60%
Bursztynowa
40%
Gombrowicza
40%
Graniczna
40%
Kalinowa
40%
Lotnicza
40%
Miła
40%
Pałacowa
40%
Różana
40%
Słoneczna
40%
Spokojna
40%
Sportowa
40%
Stawna
40%
Wrzosowa
40%
Nie znaleziono quizów pasujących do podanych kryteriów
Rozkład punktacji
Procent ludzi z każdym wynikiem
Percentyl według liczby udzielonych odpowiedzi
Twoja historia wyników
Nie rozwiązałeś tego quizu